000
00328nam a22001457a 4500
008
221121b ||||| |||| 00| 0 eng d
020
_a
0851092705
041
_a
eng
080
_2
22
_a
621
082
_a
621 MOT
100
_a
19.1
101
_a
MOTT N.F
245
_a
ELEMENTARY QUANTUM MECHANICS
_c
MOTT.N.F
942
_2
udc
_c
BK
999
_c
58968
_d
58968